=LDR 00000nam 2200000 4500 =001 INLIS000000000006389 =005 20220610022605 =035 ##$$a 0010-0622000250 =245 1#$$a SMIC Puts Forth Next Solder Solutions /$c TETSUO HIRAYAMA =100 1#$$a HIRAYAMA, Tetsuo =250 ##$$a Edisi Vol. 20, Serial No. 229 Oktober 2015 =300 ##$$a 69 halaman : $b Tabel, Gambar ; $c 21x28 cm =260 ##$:$b Dempa Asia Electronics Industry,$c 2015 =082 ##$$a 050.37 =084 ##$$a 050.37 HIR s =500 ##$$a Special Report : PCB Designs Soar in Great Measure Methods for Device Embedding Hit Stride =990 ##$$a 07/MJ-16